| 000 | 00414nam a2200157Ia 4500 | ||
|---|---|---|---|
| 008 | 230516s2005 xx 000 0 und d | ||
| 041 | _aeng | ||
| 082 | _bSET | ||
| 100 | _aSETHI P. D. | ||
| 245 | _aQUANTATIVE ANALYASIS OF DRUG IN PHARMACEUTICAL FORMULATION | ||
| 260 |
_bCBS PUBLICATION & DISTRIBUTORS _c2005 |
||
| 300 | _a643 | ||
| 365 | _h20 | ||
| 520 | _aPQA | ||
| 650 | _aPHARMACEUTICAL QUALITY ASSURANCE | ||
| 999 |
_c382881 _d382881 |
||